000 00288cam a2200109ua 4500
082 _a894.812308
_bSUB/AA
100 _aSubhadra, Parameswaran .
_91812
245 _aAyirathonnu Ravukal, Part - 3 /
260 _aEranakulam :
_bC I C C Book House ,
_c1966.
300 _a138 ; .
942 _cBK
999 _c5240
_d5240